000 00961fam a2200325 a 4500
001 1154283
003 ARRUPE
005 20150116112226.0
008 911122s1994 nyua b 001 0 eng
010 _a 91043425
020 _a0883188627 :
_c$24.95
035 _a(OCoLC)25025997
035 _a(OCoLC)ocm25025997
035 _a(NNC)1154283
040 _aDLC
_cDLC
_dNNC
050 0 0 _aQ158.5
_b.W44 1992
082 0 0 _a500
_220
100 1 _aWheeler, John Archibald,
_d1911-2008.
_914098
245 1 0 _aAt home in the universe /
_cJohn Archibald Wheeler.
260 _aNew York, NY :
_bAmerican Institute of Physics,
_cc1994.
263 _a9203
300 _avi, 371 p. ;
_bill. ;
_c25 cm.
490 1 _aMasters of modern physics
504 _aIncludes bibliographical references and index.
650 0 _aScience.
_92892
650 0 _aPhysics.
_92736
830 0 _aMasters of modern physics.
_914099
942 _2lcc
_cMONOGRAPH
999 _c121721
_d121721